000 00430nam a22001217a 4500
082 _a220 PRO
100 _aMOIZ,OMER,ZAHEER UD DIN
_971904
245 _aPR-SOF-1381-DESIGN, FABRICATION AND INSTALLATION OF CONDENSING ECONOMIZER FOR WASTE HEAT RECOVERY TO BE INSTALLED AT PEARL CONTINENTAL HOTEL, BHURBAN
260 _aISLAMABAD
_bNUST COLLEGE OF EME
_c2014
650 _a DE-MECH-32
700 _aAHMED SOHAIL
_919076
942 _cCR
999 _c578173
_d578173